MARC

LEADER 00000nam0a2200000 4500
001 96012
005 20231031110339.0
020 |a RU  |b 80-67459 
035 |a (RuTPU)RU\TPU\book\102781 
090 |a 96012 
100 |a 20060505d1980 km a0rusy5003 ca 
101 0 |a rus 
102 |a RU 
105 |a y z 001zy 
200 1 |a Социально-политическая структура КНР, 50-60-е гг.  |f В. Г. Гельбрас  |g Академия Наук СССР; Институт международного рабочего движения 
210 |a Москва  |c Наука  |d 1980 
215 |a 264 с.  |d 21 см. 
610 1 |a Китайская Народная Республика 
610 1 |a 20 век 
610 1 |a социально-политическая структура 
610 1 |a интеллигенция 
610 1 |a рабочий класс 
610 1 |a крестьянство 
686 |a Ф3(5Кит)  |2 rubbk 
700 1 |a Гельбрас  |b В. Г.  |g Виля Гдаливич  |4 070 
712 0 2 |a Академия наук СССР  |b Институт международного рабочего движения (АН СССР ИМРД)  |c (Москва)  |c (1966-1991)  |2 stltpush  |3 (RuTPU)RU\TPU\col\7681 
801 0 |a RU  |b RuMRKP  |c 19950704  |g psbo 
801 1 |a RU  |b 63413507  |c 20060505  |g PSBO 
801 2 |a RU  |b 63413507  |c 20071012  |g PSBO 
942 |c BK